1614 1225 1439 1954 1515 1332 1465 1566 1528 1712 1274 1784 1185 1460 1042 1662 1307 1682 1190 1452 1954 1321 1485 1967 1763 1654 1589 1007 1822 1778 1404 1521 1328 1457 1838 1222 1693 1209 1430 1190 1854 1230 1281 1215 1706 1968 1434 1821 1690 1279 1186 1318 1046 1056 1704 1669 1091 1999 1137 1475 1207 1953 1930 1403 1050 1147 1185 1116 1994 1708 1420 1254 1276 1884 1467 1256 1801 1316 1983 1350 1402 1270 1963 1819 1559 1653 1903 1491 1160 1592 1733 1303 1057 1263 1338 1072 1110 1328 1728 BCNSPRNW ULIB Ver.6.0+V

เปลี่ยนเป็นภาษาไทย

Change to English
 แสดงรายละเอียดบรรณานุกรม
  กลับหน้าหลัก

Brief Record : Get Marc (ISO 2709) : E-mail record : QR code < ปิดหน้าต่าง
LEADER : 00000nam 2200000uu 4500
001    13399127906
003     ULIB
008    211026s||||||||th 000 0 tha d
020    ^a9786165770910
060  0 ^aWK815^bน927
110 0  ^aมหาวิทยาลัยศรีนครินทรวิโรฒ.^bคณะแพทยศาสตร์.^bสาขาวิชาต่อมไร้ท่อและเมตะบอสิสม ภาควิชาอายุรศาสตร์
245 00 ^aแนวทางการดูแลรักษาผู้ป่วยโรคเบาหวาน ชนิดที่ 2 /^cบรรณาธิการโดย สมลักษณ์ จึงสมาน
250    ^aพิมพ์ครั้งที่ 1
260    ^aกรุงเทพฯ :^bจรัลสนิทวงศ์การพิมพ์,^c2563
300    ^a464 หน้า :^bภาพประกอบ
650  7 ^aเบาหวาน^xผู้ป่วย^xการดูแล
650  7 ^aเบาหวาน^xผู้ป่วย^xการรักษา
650  7 ^aเบาหวาน^xโภชนบำบัด
700 0  ^aสมลักษณ์ จึงสมาน,^eบรรณาธิการ
945    ^p1900^l0^i29055
999    ^aกัณชพร จุลอักษร
รายการนี้ยังไม่มีแท็ก
คุณยังไม่ได้ล็อกอิน คุณสามารถมีกิจกรรมร่วมกับเว็บไซต์ได้ แต่ต้องล็อกอินก่อน ::
  ล็อกอิน

รายการสื่อสารสนเทศ

ลำดับที่ ประเภท เลขเรียก/บาร์โค้ด สถานที่ สถานะ
1. วิทยาศาสตร์การแพทย์ และสุขภาพ
วิทยาศาสตร์การแพทย์ และสุขภาพ
WK815 น927 ฉ.1 
  Barcode: 29055
ห้องสมุดวิทยาเขตนครสวรรค์
►หนังสือทั่วไป:l:General Books
ถูกยืม กำหนดส่งวันที่ 10 เมษายน 2569
  จอง

BibComment


ยังไม่เคยถูกคอมเมนท์

คอมเมนท์ทรัพยากรรายการนี้
  คอมเมนท์: แนวทางการดูแลรัก..


 Copyright 2026. Bcnsprnw @Library